Les 15 villes les plus dangereuses de France. - Statistiques

Statistiques générales
  • Ce quiz a été pris 1 440 fois
  • Le résultat moyen est 6 sur 15
Statistiques - réponses
Hint Réponse % Correct
13 Marseille
97%
2 Paris
96%
5 Lyon
83%
1 Lille
79%
4 Saint-denis
64%
6 Bordeaux
63%
8 Grenoble
52%
9 Rouen
28%
10 Nanterre
23%
15 Aubervilliers
19%
3 Créteil
17%
7 Cannes
14%
12 Valenciennes
5%
14 Angoulême
4%
11 Agde
2%
Aucun quiz correspondant
Distribution des résultats
% des personnes avec chaque résultat
Percentile par nombre de réponses
Votre historique - résultats
Vous n’avez pas pris ce quiz